Powder Technology: Fundamentals Of Particles, Poweder Beds, and Particle Generation / (Record no. 7909)

MARC details
000 -LEADER
fixed length control field 00696nac a22002051u 4500
020 ## - INTERNATIONAL STANDARD BOOK NUMBER
International Standard Book Number 1420044109
082 ## - DEWEY DECIMAL CLASSIFICATION NUMBER
Classification number 620.43
Item number MAS
090 ## - LOCALLY ASSIGNED LC-TYPE CALL NUMBER (OCLC); LOCAL CALL NUMBER (OCLC)
-- 7909
-- 7909
100 ## - MAIN ENTRY--PERSONAL NAME
Personal name Masuda, Hiroaki. [ed.]
245 ## - TITLE STATEMENT
Title Powder Technology: Fundamentals Of Particles, Poweder Beds, and Particle Generation /
Statement of responsibility, etc Edited By Hiroaki Masuda, Ko Higashitani, Hideto Yoshida.
260 ## - PUBLICATION, DISTRIBUTION, ETC. (IMPRINT)
Place of publication, distribution, etc [New York]:
Name of publisher, distributor, etc CRC Press,c.2006.
Date of publication, distribution, etc c.2006.
300 ## - PHYSICAL DESCRIPTION
Extent 513p:
Other physical details ill;
Dimensions 25cm.
500 ## - GENERAL NOTE
General note Distributer: Al-Ahram.
504 ## - BIBLIOGRAPHY, ETC. NOTE
Bibliography, etc Includes Index.
511 ## - PARTICIPANT OR PERFORMER NOTE
Participant or performer note Catalogued By: Mahitab.
650 ## - SUBJECT ADDED ENTRY--TOPICAL TERM
Topical term or geographic name as entry element Powder.
700 ## - ADDED ENTRY--PERSONAL NAME
Personal name Higashitani, Ko.
700 ## - ADDED ENTRY--PERSONAL NAME
Personal name Yoshida, Hideto.
942 ## - ADDED ENTRY ELEMENTS (KOHA)
Item type Book - Borrowing
Call number prefix 620.43MAS
Holdings
Withdrawn status Item status Damaged status Not for loan Home library Current library Shelving location Date acquired Source of acquisition Total Checkouts Full call number Barcode Date last seen Koha item type
        Central Library Central Library First floor 08/02/2012 Purchase   620.43MAS 000009708 15/07/2025 Book - Borrowing